000
00192nam a2200073Ia 4500
008
170817s9999 xx 000 0 und d
100
_a
Maheshwari.Amrita
245
0
_a
Professional Teachers Education
260
_b
Gagandeep Pub.
999
_c
38828
_d
38828